| Tag |
First Indicator |
Second Indicator |
Subfields |
| LEADER |
00000cam a2200000 a 4500 |
| 001 |
in00001402024 |
| 005 |
20151020053017.0 |
| 008 |
971020s1997 txub bt 000 0 eng d |
| 027 |
|
|
|a FHWA/TX-97/1319-6F
|
| 035 |
|
|
|a (OCoLC)37812518
|
| 035 |
|
|
|9 AHM6706AM
|
| 040 |
|
|
|a CBT
|c CBT
|d TXA
|d UtOrBLW
|
| 043 |
|
|
|a n-us---
|a n-mx---
|
| 049 |
|
|
|a TXAM
|
| 090 |
|
|
|a TA1001
|b .R48 no.1319-6F
|
| 245 |
0 |
0 |
|a Transportation issues and the U.S.-Mexico free trade agreement /
|c by Robert Harrison [and others].
|
| 264 |
|
1 |
|a Austin, Tex. :
|b Center for Transportation Research, Bureau of Engineering Research, the University of Texas at Austin ;
|a [Springfield, Va.] :
|b [Available through the National Technical Information Service],
|c [1997]
|
| 300 |
|
|
|a viii, 46 pages, 1 unnumbered page :
|b maps ;
|c 28 cm.
|
| 336 |
|
|
|a text
|b txt
|2 rdacontent
|
| 337 |
|
|
|a unmediated
|b n
|2 rdamedia
|
| 338 |
|
|
|a volume
|b nc
|2 rdacarrier
|
| 490 |
1 |
|
|a Research report ;
|v 1319-6F
|
| 513 |
|
|
|a Final report.
|
| 536 |
|
|
|a Sponsored by Texas Dept. of Transportation, Office of Research and Technology Transfer under contract no.
|c 0-1319.
|
| 500 |
|
|
|a "Research study title: Multimodal planning and the U.S.-Mexico Free Trade Agreement"--Technical report documentation page.
|
| 500 |
|
|
|a "February 1997."
|
| 504 |
|
|
|a Includes bibliographical references (page 36).
|
| 650 |
|
0 |
|a Freight and freightage
|z United States
|x Forecasting.
|
| 650 |
|
0 |
|a Freight and freightage
|z Mexico
|x Forecasting.
|
| 650 |
|
0 |
|a Trucking
|z United States.
|
| 650 |
|
0 |
|a Trucking
|z Mexico.
|
| 650 |
|
0 |
|a Free trade
|z United States.
|
| 650 |
|
0 |
|a Free trade
|z Mexico.
|
| 700 |
1 |
|
|a Harrison, Rob.
|
| 710 |
1 |
|
|a Texas.
|b Department of Transportation.
|b Office of Research and Technology Transfer.
|
| 710 |
2 |
|
|a University of Texas at Austin.
|b Center for Transportation Research.
|
| 830 |
|
0 |
|a Research report (Austin, Tex.) ;
|v 1319-6F.
|
| 999 |
|
|
|a MARS
|
| 999 |
f |
f |
|s b01e5ae0-79fa-3d93-a59b-8ea5a9fcde16
|i c7279293-a019-3773-8792-102da5a5e7b4
|t 0
|
| 952 |
f |
f |
|p ric
|a Texas A&M University
|b Rellis Campus
|c Joint Library Facility
|d Remote Storage
|t 0
|e HE203 .T43 no.1319-6F
|h Library of Congress classification
|i unmediated -- volume
|m A14821548701
|
| 998 |
f |
f |
|a HE203 .T43 no.1319-6F
|t 0
|l Remote Storage
|